000 00520nam a2200193Ia 4500
003 LDD
008 181029s9999 xx 000 0 und d
020 _a415364094
_cP 18.99
040 _cLDD
100 _aSaeed, Abdullah
245 0 _aIslamic thought
_ban introduction
_cAbdullah Saeed
260 _aLondon
_bRoutledge
_c2006
300 _ax, 204p.
365 _bP 18.99
901 _a7533
_b08-09-2011
902 _a10343
_b22-09-2011
_cF
_dUPPAL
_eFL
903 _aDiscount-50
_bReqst by : Sushant
942 _2ddc
_cBK
999 _c102400
_d102400